000 01301nam a2200349 a 4500
001 000045564
003 DO-SdBNP
005 20250120094525.0
007 ta
008 150415s1981 dr 000 0 spa d
040 _aDO-SdBNP
_bspa
_cBNPHU
_erda
082 _axxxx
_bxxxx
_222
100 1 _aAvelino , Francisco Antonio,
_d1935-
_eautor
_955440
245 1 0 _aCurso de historia del pensamiento político /
_cFrancisco Antonio Avelino.
264 _aSanto Domingo :
_bUASD,
_c1981.
300 _avolumen ;
_c21 cm.
336 _ardacontent
_btexto
_2txt
337 _ardamedia
_bsin mediación
_2n
338 _ardacarrier
_bvolumen
_2nc
490 1 _aPublicaciones de la Universidad Autónoma de Santo Domingo
_v207
490 1 _aHistoria y sociedad
_v52
500 _aIncluye bibliografía al final de cada capítulo
500 _aIncluye datos biográficos del autor en la solapa de la contracubierta
500 _aLa biblioteca posee el v. 1
505 0 _gv. 1
_tDesde la más remota antigüedad hasta el siglo XVII.
590 _aInventariado, 2025/DG
710 1 2 _aUniversidad Autónoma de Santo Domingo
_972951
830 0 _aPublicaciones de la Universidad Autónoma de Santo Domingo.
_n207
_973622
830 0 _aHistoria y sociedad.
_n52
_973623
910 _aDG
942 _2ddc
_cLBS1
999 _c45053
_d45053